The LEGO Mindstorms NXT 2.0 discovery book : a beginner's guide to building and programming robots (Record no. 12087)

000 -LEADER
fixed length control field 01369cam a2200337 a 4500
001 - CONTROL NUMBER
control field 16135501
005 - DATE AND TIME OF LATEST TRANSACTION
control field 20170105102354.0
008 - FIXED-LENGTH DATA ELEMENTS--GENERAL INFORMATION
fixed length control field 100315s2010 caua 001 0 eng
010 ## - LIBRARY OF CONGRESS CONTROL NUMBER
LC control number 2010011157
015 ## - NATIONAL BIBLIOGRAPHY NUMBER
National bibliography number GBB0A8647
Source bnb
016 7# - NATIONAL BIBLIOGRAPHIC AGENCY CONTROL NUMBER
Record control number 015645261
Source Uk
020 ## - INTERNATIONAL STANDARD BOOK NUMBER
International Standard Book Number 9781593272111
020 ## - INTERNATIONAL STANDARD BOOK NUMBER
International Standard Book Number 1593272111
035 ## - SYSTEM CONTROL NUMBER
System control number (OCoLC)ocn422759222
040 ## - CATALOGING SOURCE
Original cataloging agency DLC
Transcribing agency DLC
Modifying agency BTCTA
-- C#P
-- YDXCP
-- CDX
-- BWX
-- VP@
-- UKM
-- DLC
050 00 - LIBRARY OF CONGRESS CALL NUMBER
Classification number TJ211.15
Item number .V353 2010
082 00 - DEWEY DECIMAL CLASSIFICATION NUMBER
Classification number 629.892
Edition number 22
100 1# - MAIN ENTRY--PERSONAL NAME
Personal name Valk, Laurens.
245 14 - TITLE STATEMENT
Title The LEGO Mindstorms NXT 2.0 discovery book : a beginner's guide to building and programming robots
Remainder of title a beginner's guide to building and programming robots
Statement of responsibility, etc. Laurens Valk.
260 ## - PUBLICATION, DISTRIBUTION, ETC.
Place of publication, distribution, etc. San Francisco :
Name of publisher, distributor, etc. No Starch Press,
Date of publication, distribution, etc. c2010.
300 ## - PHYSICAL DESCRIPTION
Extent xx, 297 p. :
Other physical details ill. ;
Dimensions 26 cm.
504 ## - BIBLIOGRAPHY, ETC. NOTE
Bibliography, etc. note Includes index.
650 #0 - SUBJECT ADDED ENTRY--TOPICAL TERM
Topical term or geographic name entry element Robots
General subdivision Design and construction
Form subdivision Popular works.
650 #0 - SUBJECT ADDED ENTRY--TOPICAL TERM
Topical term or geographic name entry element Robots
General subdivision Programming
Form subdivision Popular works.
650 #0 - SUBJECT ADDED ENTRY--TOPICAL TERM
Topical term or geographic name entry element LEGO toys.
856 42 - ELECTRONIC LOCATION AND ACCESS
Materials specified Contributor biographical information
Uniform Resource Identifier <a href="http://catdir.loc.gov/catdir/enhancements/fy1008/2010011157-b.html">http://catdir.loc.gov/catdir/enhancements/fy1008/2010011157-b.html</a>
856 42 - ELECTRONIC LOCATION AND ACCESS
Materials specified Publisher description
Uniform Resource Identifier <a href="http://catdir.loc.gov/catdir/enhancements/fy1008/2010011157-d.html">http://catdir.loc.gov/catdir/enhancements/fy1008/2010011157-d.html</a>
906 ## - LOCAL DATA ELEMENT F, LDF (RLIN)
a 7
b cbc
c orignew
d 1
e ecip
f 20
g y-gencatlg
942 ## - ADDED ENTRY ELEMENTS (KOHA)
Source of classification or shelving scheme
Koha item type Book
Holdings
Withdrawn status Lost status Damaged status Not for loan Collection code Permanent Location Current Location Shelving location Date acquired Source of acquisition Cost, normal purchase price Total Checkouts Full call number Barcode Date last seen Date last checked out Price effective from Koha item type
          Central Library (CL) Central Library (CL) General Stacks 07/17/2013 Allied Book Company 2757.56 2 629.892 VAL SEECS012624 10/27/2015 10/10/2015 07/17/2013 Book
© 2023 Central Library, National University of Sciences and Technology. All Rights Reserved.